Учебник клинической и оперативной хирургии (Запись № 3145101)

Подробности
000 -МАРКЕР
контрольное поле 01642nam1a22003371 4500
001 - ИДЕНТИФИКАТОР ЗАПИСИ
контрольное поле v19\rc\1502400
005 - ИДЕНТИФИКАТОР ВЕРСИИ
контрольное поле 20060620121312.5
035 ## - ДРУГИЕ СИСТЕМНЫЕ НОМЕРА
Идентификатор записи (NLR Aleph) 004629275
100 ## - ДАННЫЕ ОБЩЕЙ ОБРАБОТКИ
Данные общей обработки 20060620d1883 |||y0rusy50 ca
101 1# - ЯЗЫК РЕСУРСА
Язык текста, звукозаписи и т.д. русский
Язык оригинала немецкий
102 ## - СТРАНА ПУБЛИКАЦИИ ИЛИ ПРОИЗВОДСТВА
Страна публикации Российская Федерация
105 ## - ПОЛЕ КОДИРОВАННЫХ ДАННЫХ: ТЕКСТОВЫЕ МАТЕРИАЛЫ, МОНОГРАФИЧЕСКИЕ
Кодированные данные о монографическом текстовом документе j |||||
200 1# - ЗАГЛАВИЕ И СВЕДЕНИЯ ОБ ОТВЕТСТВЕННОСТИ
Основное заглавие Учебник клинической и оперативной хирургии
Сведения, относящиеся к заглавию Пер. с 2-го испр. и доп. нем. изд.
Первые сведения об ответственности [Соч.] Д-ра Эдуарда Альберта, проф. хирургии в Вене
Последующие сведения об ответственности Под ред. и с прим. с 1-24 л. доц. хирургии А.С. Яценка и 25-35 л. прив.-доц. А.К. Флейшера. Т. 1-
210 ## - ПУБЛИКАЦИЯ, РАСПРОСТРАНЕНИЕ И ДР.
Место издания, распространения и т.д. Киев
Имя издателя, распространителя и т. д. тип. Е.Я. Федорова
Дата издания, распространения и т.д. 1883
215 ## - ФИЗИЧЕСКАЯ ХАРАКТЕРИСТИКА
Размеры 24
300 ## - ОБЩИЕ ПРИМЕЧАНИЯ
Текст примечания Загл. оригинала: "Lehrbuch der speciellen Chirurgie"
300 ## - ОБЩИЕ ПРИМЕЧАНИЯ
Текст примечания Пер. также под загл.: "Учебник частной хирургии"
451 #0 - ДРУГОЕ ИЗДАНИЕ [КАТАЛОГИЗИРУЕМОГО ДОКУМЕНТА] НА АНАЛОГИЧНОМ НОСИТЕЛЕ
Встроенное поле 2001#$aУчебник частной хирургии
Заглавие Учебник частной хирургии
454 #0 - ОРИГИНАЛ (ПЕРЕВОДА)
Встроенное поле 2001#$aLehrbuch der speciellen Chirurgie
Заглавие Lehrbuch der speciellen Chirurgie
700 #1 - ИМЯ ЛИЦА - ПЕРВИЧНАЯ ОТВЕТСТВЕННОСТЬ
Начальный элемент ввода Альберт
Часть имени, кроме начального элемента ввода Э.
Даты 1841-1900
Расширение инициалов личного имени Эдуард
702 #1 - ИМЯ ЛИЦА - ВТОРИЧНАЯ ОТВЕТСТВЕННОСТЬ
Начальный элемент ввода Яценко
Часть имени, кроме начального элемента ввода А. С.
Даты 1842-1897
Расширение инициалов личного имени Александр Степанович
Код отношения Редактор
-- Комментатор печатного текста
702 #1 - ИМЯ ЛИЦА - ВТОРИЧНАЯ ОТВЕТСТВЕННОСТЬ
Начальный элемент ввода Флейшер
Часть имени, кроме начального элемента ввода А. К.
Даты 1845-1902
Расширение инициалов личного имени Адольф Карлович
Код отношения Редактор
-- Комментатор печатного текста
801 #0 - ИСТОЧНИК ЗАПИСИ
Страна Российская Федерация
Организация NLR
Правила каталогизации psbo
801 #0 - ИСТОЧНИК ЗАПИСИ
Страна Российская Федерация
Организация RuMoRGB
Источник данных psbo
801 #1 - ИСТОЧНИК ЗАПИСИ
Страна Российская Федерация
Организация ProSoft-M
Источник данных rusmarc
852 ## - МЕСТОНАХОЖДЕНИЕ И ШИФР ХРАНЕНИЯ
Идентификатор организации NLR
Шифр хранения (Call Number) 18.218.3.11
899 ## - ДАННЫЕ О МЕСТОНАХОЖДЕНИИ (устаревшее)
Местонахождение RuMoRGB
Шифр хранения J 26/556
899 ## - ДАННЫЕ О МЕСТОНАХОЖДЕНИИ (устаревшее)
Местонахождение БАН
942 ## - ДОПОЛНИТЕЛЬНЫЕ ЭЛЕМЕНТЫ ЗАПИСИ (АБИС)
Тип экземпляра АБИС Книга
980 ## - КОЛЛЕКЦИЯ
Название коллекции Национальная библиография

Нет доступных экземпляров.